Polskie kanały powyżej 2mln subskrypcji - Statystyki

Ogólne statystyki
  • Ten quiz został rozwiązany 337 razy
    316 od ostatniego zresetowania
  • Średni wynik to 7 z 22
Statystyki odpowiedzi
Subskrypcje Kanał % Poprawnych
4 720 000 Blowek
97%
4 280 000 Friz
97%
4 300 000 Stuu
78%
4 160 000 reZigiusz
66%
2 040 000 WERSOW
62%
3 650 000 SA Wardega
44%
3 160 000 Naruciak
41%
2 460 000 Isamu
29%
2 080 000 Kaluch
28%
3 420 000 AbstrachujeTV
25%
2 230 000 Karolek
22%
2 690 000 Planeta Faktów
22%
2 240 000 5 sposobów na...
21%
2 150 000 izak
20%
2 310 000 Vito
19%
2 230 000 Kamerzysta
18%
2 430 000 SBM Label
18%
3 470 000 Step Records
14%
2 180 000 tvnpl
5%
2 140 000 SPInkafilmstudio
1%
2 130 000 Baby's adventure
0%
2 020 000 jedrek29t
0%
Nie znaleziono quizów pasujących do podanych kryteriów
Rozkład punktacji
Procent ludzi z każdym wynikiem
Percentyl według liczby udzielonych odpowiedzi
Twoja historia wyników
Nie rozwiązałeś tego quizu od ostatniego zresetowania